Ozone Depletion and Environmental Impacts (Record no. 331643)

000 -LEADER
fixed length control field 00634nam a22001937a 4500
003 - CONTROL NUMBER IDENTIFIER
control field Nust
005 - DATE AND TIME OF LATEST TRANSACTION
control field 20180117090031.0
008 - FIXED-LENGTH DATA ELEMENTS--GENERAL INFORMATION
fixed length control field 170421b xxu||||| |||| 00| 0 eng d
020 ## - INTERNATIONAL STANDARD BOOK NUMBER
International Standard Book Number 8171323715
040 ## - CATALOGING SOURCE
Transcribing agency 0
082 ## - DEWEY DECIMAL CLASSIFICATION NUMBER
Classification number 363.73875 SHA
100 ## - MAIN ENTRY--PERSONAL NAME
Personal name Sharma,H.S.
9 (RLIN) 5365
245 ## - TITLE STATEMENT
Title Ozone Depletion and Environmental Impacts
Statement of responsibility, etc. H.S.Sharma
260 ## - PUBLICATION, DISTRIBUTION, ETC.
Place of publication, distribution, etc. Jaipur,India
Name of publisher, distributor, etc. Pointer pub
Date of publication, distribution, etc. 2004
300 ## - PHYSICAL DESCRIPTION
Extent 184p.
500 ## - GENERAL NOTE
General note H.B
942 ## - ADDED ENTRY ELEMENTS (KOHA)
Source of classification or shelving scheme
Koha item type Book
Call number prefix 363.73875 SHA
Holdings
Withdrawn status Lost status Source of classification or shelving scheme Damaged status Not for loan Collection code Permanent Location Current Location Shelving location Date acquired Total Checkouts Total Renewals Full call number Barcode Date last seen Date last checked out Price effective from Koha item type
            Central Library (CL) Central Library (CL) General Stacks 10/12/2017 1 1 363.73875 SHA S3H-P-203 12/21/2017 10/19/2017 10/12/2017 Book
© 2023 Central Library, National University of Sciences and Technology. All Rights Reserved.